000 00361nam a2200157Ia 4500
003 Ost
005 20260225132548.0
008 260225s9999||||xx |||||||||||||| ||und||
040 _cfsic
041 _afre
082 _a440
100 _aHenri lhote
_eAuteur
245 0 _aLES gravures rupestres de l'oued djenat /
245 0 _cHenri lhote
942 _cكتاب
999 _c33994
_d33994